000 01665nas a2200337 i 4500
001 1914
003 ES-MaACL
005 20250329000410.0
008 950801c1940 sp t| p o| ||pa d
022 _a0034-8341
080 _a970/980
245 0 0 _aRevista de Indias /
_cConsejo Superior de Investigaciones Científicas, Patronato "Menéndez y Pelayo", Instituto Gonzalo Fernández de Oviedo ; [dir., Antonio Ballesteros-Beretta].
260 _aMadrid :
_bConsejo Superior de Investigaciones Científicas,
_c1940-
300 _a127 v. ;
_c25 cm.
310 _aCuatrimestral, 1989-
362 0 _aAño 1, n. 1 (1940)-
505 8 _aContiene: El Ateneo de Madrid y el problema colonial en las vísperas de la guerra de independencia cubana / Luis Miguel García Mora, 1996, v. 56, n. 207, p. 429-449
530 _aDisponible en formato digital desde 1985, v. 45, n. 175.
555 _an. 1-50 en n. 52-53 ; n. 51-114 ; 1940-1992.
651 4 _aAmérica Latina-
_xHistoria.
_97747
655 7 _2tgfbne
_9226866
_aRevistas
700 1 _aBallesteros Beretta, Antonio,
_d1880-1949
_925050
700 1 _aGarcía Mora, Luis Miguel.
_954983
710 2 _aConsejo Superior de Investigaciones Científicas (España)
_93236
740 3 2 _aEl Ateneo de Madrid y el problema colonial en las vísperas de la guerra de independencia cubana.
852 4 _aES-MaACL
_jHem-1758
_xHem-2007
856 4 _uhttp://revistadeindias.revistas.csic.es/index.php/revistadeindias
_zRevista de Indias
866 0 _o1940-54(1955f.n.62)1956(1957) (1958f.n.73-74)1959 (1960f.n.81-82),1961-2011.
_zSe interrumpe su recepción
942 _2udc
_cPERIODICA
999 _c1914
_d1914